Memahami pemikiran lateral Edward de Bono

Bibliographic Details
Main Author: Ainon Mohd
Other Authors: Abdullah Hassan
Format: Book
Published: Kuala Lumpur : Utusan Publicatios & Distributors Sdn Bhd , 1996
Subjects:

MARC

LEADER 00000cam a2200000 7i4500
001 0000013556
002 000014848
005 20000330.0
020 |a 967610728X 
090 0 0 |a 153.42   |b AIN 
100 0 |a Ainon Mohd 
245 1 0 |a Memahami pemikiran lateral Edward de Bono   |c AinonMohd.Abdullah Hassan 
260 |a Kuala Lumpur :   |b Utusan Publicatios & Distributors Sdn Bhd ,   |c 1996 
300 |a 178p. ;   |c 24cm. 
650 0 0 |a Creative thinking 
650 0 0 |a Literal thinking 
650 0 0 |a Thought and thinking 
700 0 |a Abdullah Hassan 
999 |a 058131   |b BUKU   |c PINJAMAN   |e PERPUSTAKAAN KOMUNITI PETALING JAYA 
999 |a 058132   |b BUKU   |c PINJAMAN   |e PERPUSTAKAAN KOMUNITI PETALING JAYA